Frissdiplomások motivációi a munka világában

Bibliographic Details
Main Author: Miller Csenge
Other Authors: Szászvári Dr. Karina Ágnes
Format: Thesis
Kulcsszavak:Frissdiplomás
Motiváció
Ösztönzésmenedzsment
Online Access:http://dolgozattar.uni-bge.hu/13895

MARC

LEADER 00000nta a2200000 i 4500
001 dolg13895
005 20180524135903.0
008 171211suuuu hu om 000 hun d
040 |a BGE Dolgozattár Repozitórium  |b hun 
041 |a hu 
100 1 |a Miller Csenge 
245 1 0 |a Frissdiplomások motivációi a munka világában  |c Miller Csenge  |h [elektronikus dokumentum] 
695 |a Frissdiplomás 
695 |a Motiváció 
695 |a Ösztönzésmenedzsment 
700 1 |a Szászvári Dr. Karina Ágnes  |e ths 
856 4 0 |u http://dolgozattar.uni-bge.hu/13895/1/MillerCsenge_XG6D3B_Frissdiplom%C3%A1s_motiv%C3%A1ci%C3%B3.pdf  |z Dokumentum-elérés